| 000 | 01104nam0a22002771 4500 | ||
|---|---|---|---|
| 001 | rc\4941321 | ||
| 005 | 20260407062831.0 | ||
| 021 |
_aRU _b61-1181 |
||
| 021 |
_aRU _bРг949 |
||
| 035 | _a(NLR Aleph) 008852294 | ||
| 090 |
_a8408257 _c8408257 |
||
| 100 | _a20130426d1960 |||y0rusy50 ca | ||
| 101 | 0 | _arus | |
| 102 | _aRU | ||
| 105 | _aa z ||||| | ||
| 200 | 1 |
_aУниверсальный бытовой электропылесос "Уралец" _eКраткое описание и инструкция по эксплуатации _fОренбург. совнархоз. Медногор. завод "Уралэлектромотор" |
|
| 210 |
_aМосква _cГосИНТИ _d1960 |
||
| 215 |
_a[26] с. _cил. _d24 |
||
| 300 | _aНа обл. загл.: Электропылесос "Уралец" | ||
| 512 | 0 | _aЭлектропылесос "Уралец" | |
| 712 | 0 | 2 |
_a"Уралэлектромотор", завод _cМедногорск _9558718 _3RU\NLR\AUTH\8810030075 |
| 801 | 0 |
_aRU _bNLR _gpsbo |
|
| 801 | 1 |
_aRU _bELAR _2rusmarc |
|
| 852 |
_aNLR _j61-6/570 |
||
| 942 | _cBOOK | ||
| 980 | _aNB | ||